000 00783nam a2200241 a 4500
003 PILC
005 20150827092049.0
008 111017s19uu xx 00 eng d
010 _a2004027850
020 _a9780781777643
050 _aRT 81.5
_b.P63 2006
100 _aPolit, Denise F.
245 _aEssentials of nursing research :
_bmethods, appraisal, and utilization /
_cDenise F. Polit, Cheryl Tatano Beck.
250 _a6th edition.
260 _aPhiladelphia :
_bLippincott Williams & Wilkins,
_c2006.
300 _axii, 554 pages :
_billustrations ;
_c23 cm.
500 _aIncludes bibliographical references and index.
650 _aNursing
_xResearch
650 _aNursing Research
700 _aBeck, Cheryl Tatano
942 _cBK
_2lcc
_kFOR
999 _c24954
_d24954